| 000 | 00761nam a22002057a 4500 | ||
|---|---|---|---|
| 999 |
_c63953 _d63953 |
||
| 005 | 20260311112910.0 | ||
| 008 | 260226s1969 enk||||| |||| 00| 0 eng d | ||
| 020 | _a9781597400831x | ||
| 041 | _aeng | ||
| 080 | _a32(520):329.17(520) M-29 | ||
| 100 |
_aMaruyama, Masao _926996 |
||
| 245 |
_aModern Japanese politics / _c Masao Maruyama; edited by Ivan Morris. |
||
| 264 |
_aLondon : _bOxford Univ. press, _c1969. |
||
| 300 |
_a407 p. ; _b23 cm. |
||
| 653 | _aიაპონიის პოლიტიკა | ||
| 653 | _aიაპონური ნაციონალიზმი | ||
| 653 | _aიაპონური პოლიტოლოგია | ||
| 700 |
_a Morris, Ivan _eრედაქტორი _926997 |
||
| 942 |
_2udc _cᲬᲘᲒᲜᲘ |
||